L'éducation physique de 1945 à nos jours : Les étapes d'une démocratisation (notice n° 2197795)
[ vue normale ]
| 000 -LEADER | |
|---|---|
| fixed length control field | 01571cam a2200145 4500500 |
| 005 - DATE AND TIME OF LATEST TRANSACTION | |
| control field | 20260405085450.0 |
| 041 ## - LANGUAGE CODE | |
| Language code of text/sound track or separate title | fre |
| 042 ## - AUTHENTICATION CODE | |
| Authentication code | dc |
| 100 10 - MAIN ENTRY--PERSONAL NAME | |
| Personal name | Attali, Michaël |
| Relator term | author |
| 245 00 - TITLE STATEMENT | |
| Title | L'éducation physique de 1945 à nos jours : Les étapes d'une démocratisation |
| 260 ## - PUBLICATION, DISTRIBUTION, ETC. | |
| Name of publisher, distributor, etc. | Armand Colin,<br/> |
| Date of publication, distribution, etc. | 2021.<br/> |
| 520 ## - SUMMARY, ETC. | |
| Summary, etc. | En raison de sa position particulière dans l’espace scolaire et de sa dépendance aux influences sociales, politiques, culturelles, le champ de l’EPS traduit depuis 1945 et avec une sorte d’effet de loupe les tensions et les débats relatifs qui ont soutenu l’exigence générale de démocratisation. D’où l’importance particulière que revêt, pour la discipline mais aussi au-delà, le présent travail d’historiens, devenu un « classique » depuis sa première parution en 2004.À travers une triple analyse, institutionnelle, politique et culturelle, les auteurs du présent ouvrage précisent les facteurs qualitatifs et quantitatifs de cette démocratisation. Ils apportent une attention soutenue aux grandes problématiques : apprentissage de la citoyenneté, socialisation, égalité des chances, diffusion des savoirs.Le livre a été soigneusement mis à jour pour cette quatrième édition en intégrant les effets des transformations dues aux réformes et changements sociaux (Covid-19, etc.) du premier quart du XXIe siècle. |
| 700 10 - ADDED ENTRY--PERSONAL NAME | |
| Personal name | Saint-Martin, Jean |
| Relator term | author |
| 856 41 - ELECTRONIC LOCATION AND ACCESS | |
| Uniform Resource Identifier | <a href="https://shs.cairn.info/l-education-physique-de-1945-a-nos-jours--9782200630584?lang=fr&redirect-ssocas=7080">https://shs.cairn.info/l-education-physique-de-1945-a-nos-jours--9782200630584?lang=fr&redirect-ssocas=7080</a> |
Pas d'exemplaire disponible.




Réseaux sociaux